[Event "Ankara Ipek Memorial 8th"]
[Site "Ankara"]
[Date "2020.03.07"]
[Round "3"]
[White "Alkan, Omer Tarik"]
[Black "Aral, Demir"]
[Result "1-0"]
[WhiteElo "1757"]
[BlackElo "1554"]
[PlyCount "57"]
[EventDate "2020.03.04"]
[EventType "swiss"]
[EventRounds "7"]
[EventCountry "TUR"]
[SourceTitle "CBM 195 Extra"]
[Source "ChessBase"]
[SourceDate "2020.05.31"]
[SourceVersion "1"]
[SourceVersionDate "2020.05.31"]
[SourceQuality "1"]

1. e4 e5 2. Nf3 Nc6 3. d4 exd4 4. Bc4 Bc5 5. c3 Nf6 6. e5 d5 7. Bb5 Ne4 8. cxd4 Bb6 9. 0-0 0-0 10. Nc3 Bg4 11. Bxc6 bxc6 12. a4 Ba5 13. h3 Nxc3 14. bxc3 Bxc3 15. hxg4 Bxa1 16. Ba3 Bc3 17. Qc2 Ba5 18. Bxf8 Qxf8 19. Qxc6 Rc8 20. Qxd5 c5 21. e6 Bb6 22. Ng5 cxd4 23. exf7+ Kh8 24. Nxh7 Qc5 25. Qe4 Bc7 26. g5 Qd6 27. g3 Rd8 28. Qh4 g6 29. Qh6 1-0

[Event "Ankara Ipek Memorial 8th"]
[Site "Ankara"]
[Date "2020.03.05"]
[Round "2"]
[White "Sari, Engin"]
[Black "Alkan, Omer Tarik"]
[Result "0-1"]
[WhiteElo "1457"]
[BlackElo "1757"]
[PlyCount "80"]
[EventDate "2020.03.04"]
[EventType "swiss"]
[EventRounds "7"]
[EventCountry "TUR"]
[SourceTitle "CBM 195 Extra"]
[Source "ChessBase"]
[SourceDate "2020.05.31"]
[SourceVersion "1"]
[SourceVersionDate "2020.05.31"]
[SourceQuality "1"]

1. e4 e6 2. d4 d5 3. Nc3 Nf6 4. Bg5 Be7 5. e5 Nfd7 6. h4 h6 7. Bxe7 Qxe7 8. Qg4 g6 9. Bd3 a6 10. 0-0-0 c5 11. f4 cxd4 12. Nce2 Nc6 13. a3 b5 14. h5 g5 15. Nf3 gxf4 16. Qg7 Qf8 17. Qg4 Ndxe5 18. Qxf4 Nxf3 19. Qxf3 Qe7 20. Rhe1 Bb7 21. Nf4 0-0-0 22. g4 Kb8 23. Kb1 Qd6 24. Bf1 e5 25. Ng2 e4 26. Qxf7 Rdf8 27. Qg6 Qxg6 28. hxg6 Rhg8 29. Nh4 Ne5 30. Nf5 Rxg6 31. Nxd4 Nf3 32. Nxf3 Rxf3 33. c3 Rg3 34. Be2 Rg2 35. Rd4 Rf6 36. Kc1 Rff2 37. Kd2 Kc7 38. Ke3 Kd6 39. Rd2 Bc8 40. Red1 Rxe2+ 0-1

[Event "Ankara Ipek Memorial 7th"]
[Site "Ankara"]
[Date "2019.03.10"]
[Round "7"]
[White "Taspinar, Yanki"]
[Black "Alkan, Omer Tarik"]
[Result "1-0"]
[WhiteElo "1792"]
[BlackElo "1720"]
[PlyCount "89"]
[EventDate "2019.03.06"]
[EventType "swiss"]
[EventRounds "7"]
[EventCountry "TUR"]
[SourceTitle "CBM 189 Extra"]
[Source "ChessBase"]
[SourceDate "2019.06.03"]
[SourceVersion "1"]
[SourceVersionDate "2019.06.03"]
[SourceQuality "1"]

1. e4 c5 2. Nf3 d6 3. d4 cxd4 4. Nxd4 Nf6 5. Nc3 a6 6. Be3 e5 7. Nb3 Be6 8. f3 Be7 9. Qd2 b5 10. 0-0-0 Nbd7 11. g4 0-0 12. g5 b4 13. Na4 Nh5 14. Qxb4 d5 15. Bc5 Nxc5 16. Naxc5 Rb8 17. Nxe6 fxe6 18. Qa4 Rxf3 19. Be2 Rh3 20. Bg4 Rb4 21. Qc6 Rb6 22. Bxe6+ Kf8 23. Qxd5 Rd6 24. Rdf1+ Nf4 25. Rxf4+ exf4 26. Qf5+ Bf6 27. Qxh3 Bxg5 28. Qf5+ Qf6 29. Qxf6+ gxf6 30. Bc4 f3+ 31. Kb1 f2 32. Rf1 f5 33. exf5 Be3 34. c3 Rh6 35. Kc2 Rxh2 36. Bxa6 h5 37. Kd3 Rh3 38. Ke2 h4 39. Nd2 Ba7 40. Nf3 Ke7 41. Nd4 Kf6 42. Rxf2 Rh1 43. Bb7 Rb1 44. Kd3 Kg5 45. f6 1-0